Sublime albums - Statistics

General Stats
  • This quiz has been taken 51 times
  • The average score is 3 of 6
Answer Stats
Hint Answer % Correct
1996 Sublime
98%
1992 40oz to freedom
80%
1994 Robbin the hood
66%
1991 Jah won't pay the bills
59%
Live 1998 Stand by your van
15%
Live 2013 Three ring circus - live at the palace
12%
No matching quizzes found
Score Distribution
Percent of People with Each Score
Percentile by Number Answered
Your Score History
You have not taken this quiz